Catálogo de la biblioteca del Congreso de Diputados / (Record no. 38986)

MARC details
000 -LEADER
campo de control de longitud fija 00757nam a2200193 i 4500
001 - NÚMERO DE CONTROL
campo de control 38986
003 - IDENTIFICADOR DE NÚMERO DE CONTROL
campo de control ES-MaACL
005 - FECHA Y HORA DE LA ÚLTIMA TRANSACCIÓN
campo de control 20230906155850.0
007 - CAMPO FIJO DE DESCRIPCIÓN FÍSICA--INFORMACIÓN GENERAL
campo de control de longitud fija t|
008 - DATOS DE LONGITUD FIJA--INFORMACIÓN GENERAL
campo de control de longitud fija 030226s1889 sp ||||1| spa d
080 ## - NÚMERO DE LA CLASIFICACIÓN DECIMAL UNIVERSAL
Número de la Clasificación Decimal Universal 017.1(460.27 M.)
110 2# - ENTRADA PRINCIPAL--NOMBRE DE ENTIDAD CORPORATIVA
Nombre de entidad corporativa o nombre de jurisdicción como elemento de entrada España.
Unidad subordinada Cortes Generales.
-- Congreso.
-- Biblioteca.
9 (RLIN) 154819
245 10 - MENCIÓN DEL TÍTULO
Título Catálogo de la biblioteca del Congreso de Diputados /
Mención de responsabilidad, etc. formado de orden de la Comisión de Gobierno Interior por el Oficial de la Secretaría Manuel Calvo Marcos.
260 ## - PUBLICACIÓN, DISTRIBUCIÓN, ETC.
Lugar de publicación, distribución, etc. Madrid :
Nombre del editor, distribuidor, etc. [s,n.],
Fecha de publicación, distribución, etc. 1889 (
Fabricante Hijos de J. A. García)
300 ## - DESCRIPCIÓN FÍSICA
Extensión 535 p. ;
Dimensiones 27 cm.
610 24 - PUNTO DE ACCESO ADICIONAL DE MATERIA--NOMBRE DE ENTIDAD CORPORATIVA
Nombre de entidad corporativa o nombre de jurisdicción como elemento de entrada España.
Unidad subordinada Cortes Generales.
-- Congreso.
-- Biblioteca-
Subdivisión de forma Catálogos.
9 (RLIN) 154820
700 0# - ENTRADA AGREGADA--NOMBRE PERSONAL
Nombre de persona Calvo Marcos, Manuel.
9 (RLIN) 33893
852 ## - LOCALIZACIÓN
Ubicación ES-MaACL
Número de control de estantería B-3863
Holdings
Estatus retirado Estado de pérdida Estado de daño No para préstamo Colección Biblioteca de origen Biblioteca actual Ubicación en estantería Fecha de adquisición Fuente de adquisición Total de préstamos Signatura topográfica completa Código de barras Visto por última vez Precio de reemplazo Tipo de ítem Koha
        Libros del s. XIX Biblioteca del Ateneo de Madrid Biblioteca del Ateneo de Madrid Sala Pardo Bazán 17/01/2008     B-3863 1041055 23/02/2023 23/02/2023 Libro impreso antiguo